Estructura de datos en C

Enregistré dans:
Détails bibliographiques
Auteurs principaux: Joyanes Aguilar, Luis (Auteur), Sánchez García, Lucas (Auteur), Zahonero Martínez, Ignacio (Auteur)
Format: Livre
Langue:espagnol
Publié: Madrid McGraw Hill 2007
Édition:1a. ed
Sujets:
Tags: Ajouter un tag
Pas de tags, Soyez le premier à ajouter un tag!

MARC

LEADER 00000cam a2200000 a 4500
001 UCE9906
003 CL-VaPUC
008 151112e20070000sp |||||||||||||||||spa|d
020 |a 9788448156459 
082 0 4 |a 005.13  |b JOY  |2 21 
100 |a Joyanes Aguilar, Luis  |e author  |9 582884 
700 0 |a Sánchez García, Lucas  |e author  |9 582885 
700 0 |a Zahonero Martínez, Ignacio  |e author  |9 582886 
245 1 0 |a Estructura de datos en C 
250 |a 1a. ed 
300 |a 611 p 
942 |c BK 
945 |d 20151112 20:22:00  |a dcastane 
260 |a Madrid  |b McGraw Hill  |c 2007 
650 0 |a Lenguajes de programación   |9 259458 
650 7 |a PROGRAMACION EN C  |2 CL-VaPUC  |9 485618 
650 7 |a ESTRUCTURA DE DATOS  |2 CL-VaPUC  |9 406477 
650 0 |a Algoritmos   |9 260639 
650 0 |a Programación de computadores   |9 259531 
583 |a last modification  |c 20151112 20:22:00  |k Rodrigo Vera 
999 |c 361549  |d 361547 
952 |0 0  |1 0  |3 erb  |4 0  |6 005_130000000000000_JOY_2007  |7 0  |8 A  |9 472132  |a BIBMAT  |b BIBMAT  |i 5248922  |o 005.13 JOY 2007  |p 5248922  |r 2025-01-07  |w 2019-11-24  |y BK  |z Catalogado en:20151112  |k MAT